| 000 | 01189nam a22002897a 4500 | ||
|---|---|---|---|
| 003 | EG-ScBUE | ||
| 005 | 20211130115102.0 | ||
| 008 | 090817s2004 ua f 000 f ara d | ||
| 017 | _a2004 / 14661 | ||
| 020 | _a977019221X | ||
| 040 |
_aEG-ScBUE _bara _erda _cEG-ScBUE _dEG-ScBUE |
||
| 082 | 0 | 4 |
_a892.735 _bت ي م _222 |
| 100 | 1 |
_98470 _aالتيمورية، عائشة، _d1840 أو 41-1902 أو 3، _eمؤلف. |
|
| 245 | 1 | 0 |
_aنتائج الأحوال في الأقوال والأفعال / _cتأليف عائشة التيمورية ؛ تقديم د. ميرفت حاتم. |
| 246 | 3 | 4 |
_aنتائج الأحوال في الأقوال والأفعال : _bرواية |
| 264 | 1 |
_aالقاهرة : _bالهيئة المصرية العامة للكتاب، _c2004. |
|
| 300 |
_a280 صفحة ؛ _c15 سم. |
||
| 336 |
_2rdacontent _aنص _btxt |
||
| 337 |
_2rdamedia _aبدون وسيط _bn |
||
| 338 |
_2rdacarrier _aمجلد _bnc |
||
| 490 | 0 |
_aمكتبة الأسرة. _aسلسلة إبداع المرأة |
|
| 650 | 7 |
_98441 _aالقصص العربية _yقرن 19. _2BUEsh |
|
| 651 | _2BUEsh | ||
| 653 |
_bARALIT _cNovember2021 |
||
| 655 |
_vReading book _934232 |
||
| 942 |
_2ddc _cBB |
||
| 999 |
_c12596 _d12596 |
||